Study on effectiveness of ivomec-f of parasites in gastro-intestinal track of cattle in psar commune, boribor district, kampong chhang province, សិក្សាពីប្រសិទ្ធិពាពIVOMEC-F លើវត្តមានបរាសិតក្នុងក្រពះ ពោះវៀនគោ នៅឃុំផ្សារ ស្រុកបរិបូណ៍ ខេត្តកំពង់ឆ្នាំង. (Record no. 2519)

000 -LEADER
fixed length control field 00786nam a22001337a 4500
040 ## - CATALOGING SOURCE
Transcribing agency RUA
082 ## - DEWEY DECIMAL CLASSIFICATION NUMBER
Classification number AVM SUM 2011 B100 Or.1
100 ## - MAIN ENTRY--AUTHOR NAME
Personal name SUM, SAMUTH.
245 ## - TITLE STATEMENT
Title Study on effectiveness of ivomec-f of parasites in gastro-intestinal track of cattle in psar commune, boribor district, kampong chhang province, សិក្សាពីប្រសិទ្ធិពាពIVOMEC-F លើវត្តមានបរាសិតក្នុងក្រពះ ពោះវៀនគោ នៅឃុំផ្សារ ស្រុកបរិបូណ៍ ខេត្តកំពង់ឆ្នាំង.
260 ## - PUBLICATION, DISTRIBUTION, ETC. (IMPRINT)
Place of publication phnom phen
Name of publisher RUA
Year of publication 2011
300 ## - PHYSICAL DESCRIPTION
Number of Pages XIII,50p.
Other physical details ill.
Dimensions 29cm.
856 ## - ELECTRONIC LOCATION AND ACCESS
Uniform Resource Identifier https://drive.google.com/file/d/1R9qQECHxmfZHG8c1-QFbrhxUFM6jTnbh/view?usp=sharing
942 ## - ADDED ENTRY ELEMENTS (KOHA)
Koha item type AVM
952 ## - LOCATION AND ITEM INFORMATION (KOHA)
Withdrawn status [LOCAL, KOHA] 0
952 ## - LOCATION AND ITEM INFORMATION (KOHA)
Withdrawn status [LOCAL, KOHA] 0
952 ## - LOCATION AND ITEM INFORMATION (KOHA)
Withdrawn status [LOCAL, KOHA] 0
952 ## - LOCATION AND ITEM INFORMATION (KOHA)
Withdrawn status [LOCAL, KOHA] 0
952 ## - LOCATION AND ITEM INFORMATION (KOHA)
Withdrawn status [LOCAL, KOHA] 0
952 ## - LOCATION AND ITEM INFORMATION (KOHA)
Withdrawn status [LOCAL, KOHA] 0
952 ## - LOCATION AND ITEM INFORMATION (KOHA)
Withdrawn status [LOCAL, KOHA] 0
Holdings
Permanent Location Date acquired Koha item type Lost status Shelving location Barcode Current Location Full call number
Library Block B2015-10-22AVM B100RUA016172Library Block BAVM SUM 2011 B100 Or.1
Library Block B2015-10-22AVM B100RUA016182Library Block BAVM SUM 2011 B100 Or.2
Library Block B2015-10-22AVM B100RUA018662Library Block BAVM SUM 2011 B100 Or.3
Library Block B2015-10-22AVM B100RUA019376Library Block BAVM SUM 2011 B100 Or.4
Library Block B2015-10-22AVM B100RUA019304Library Block BAVM SUM 2011 B100 Or.5
Library Block B2015-10-22AVM B100RUA019447Library Block BAVM SUM 2011 B100 Or.6
Library Block B2015-10-22AVM B100RUA015896Library Block BAVM SUM 2011 B100 Or.7
មជ្ឈមណ្ឌលឯការនៃសាកលវិទ្យាល័យភូមិន្ទកសិកម្មចំការដូង

Powered by Koha